Marina (Record no. 173875)

MARC details
000 -LEADER
campo de control de longitud fija 00803nam a2200193 i 4500
001 - NÚMERO DE CONTROL
campo de control 173875
003 - IDENTIFICADOR DE NÚMERO DE CONTROL
campo de control ES-MaACL
005 - FECHA Y HORA DE LA ÚLTIMA TRANSACCIÓN
campo de control 20230906215357.0
007 - CAMPO FIJO DE DESCRIPCIÓN FÍSICA--INFORMACIÓN GENERAL
campo de control de longitud fija t|
008 - DATOS DE LONGITUD FIJA--INFORMACIÓN GENERAL
campo de control de longitud fija 100127s1864 sp ||||1| spa d
100 1# - ENTRADA PRINCIPAL--NOMBRE DE PERSONA
Nombre de persona Camprodón, Francisco.
9 (RLIN) 34301
245 10 - MENCIÓN DEL TÍTULO
Título Marina
Resto del título : zarzuela en dos actos, en verso, original /
Mención de responsabilidad, etc. de Francisco Camprodón ; música de Emilio Arrieta.
250 ## - MENCION DE EDICION
Mención de edición 2ª ed.
260 ## - PUBLICACIÓN, DISTRIBUCIÓN, ETC.
Lugar de publicación, distribución, etc. Madrid :
Nombre del editor, distribuidor, etc. [s.n.],
Fecha de publicación, distribución, etc. 1864 (
Fabricante Impr. de José Rodríguez)
300 ## - DESCRIPCIÓN FÍSICA
Extensión 62 p. ;
Dimensiones 17 cm.
500 ## - NOTA GENERAL
Nota general Solo la letra.
700 1# - ENTRADA AGREGADA--NOMBRE PERSONAL
Nombre de persona Arrieta, Emilio.
9 (RLIN) 23300
852 ## - LOCALIZACIÓN
Ubicación ES-MaACL
Número de control de estantería F-8623(12)
Nota libre .- Enc. pasta española
condición física .- Falto de la cub. original
Nota libre .- Enc. en un vol. facticio formando parte de la col. facticia "Teatro español moderno", vol. 78
-- .- Firma ms. de Gustavo Saenz Diez, 1877
Holdings
Estatus retirado Estado de pérdida Estado de daño No para préstamo Colección Biblioteca de origen Biblioteca actual Ubicación en estantería Fecha de adquisición Fuente de adquisición Total de préstamos Signatura topográfica completa Código de barras Visto por última vez Precio de reemplazo Tipo de ítem Koha
        Libros del s. XIX Biblioteca del Ateneo de Madrid Biblioteca del Ateneo de Madrid Sala Pecera Planta 2 27/01/2010     F-8623(12) 1182508 23/02/2023 23/02/2023 Libro impreso antiguo